000 00682nam a22002297a 4500
999 _c12631
_d12631
003 MIRAKIL
005 20211214000606.0
008 190125b tu ||||| |||| 00| 0 tur d
020 _a9756782021
040 _aTR-AnCHP
_cTR-AnCHP
041 _atur
082 _a321.809561
_bS34d 1999
100 1 _aSelçuk, Sami
_d1937-
245 1 0 _aDemokrasiye doğru /
_cSami Selçuk.
260 _aAnkara :
_bYeni Türkiye Yayınları,
_c1999.
300 _a250 s. ;
_c21 sm.
490 0 _aYeni Türkiye Yayınları;
_v4.
500 _aAdli yıl açış konuşması ile birlikte.
650 0 _aSiyaset ve yönetim
_xTürkiye
_99
650 0 _9339
_aDemokrasi
_xTürkiye
942 _2ddc
_cBKS